000 00503nam a22001937a 4500
005 20251108172601.0
008 250721s9999 xx 000 0 eng d
082 1 4 _a932SIL
100 1 _aSiliotti, Alberto
245 1 4 _aThe Valley of Kings and the Theban Tombs /
264 1 _aCairo :
_bThe American University,
300 _a50p
650 1 7 _aAncient Egyptian History
650 1 7 _aPharoahs
650 1 7 _aValley of the Kings
650 1 7 _aTravel Guides
942 _2ddc
_cBK
999 _c83173
_d83173